Statistics for The Past 10 years #1 Seeds In March Madness

Click here to take the quiz!

General Stats

  • This quiz has been taken 423 times
    (375 since last reset)
  • The average score is 33 of 44

Answer Stats

YearReigonAnswer% Correct
2015SouthDuke
95%
2010SouthDuke
95%
2019EastDuke
95%
2011WestDuke
95%
2017WestGonzaga
90%
2019WestGonzaga
90%
2013WestGonzaga
90%
2021WestGonzaga
90%
2011SouthKansas
89%
2013SouthKansas
89%
2016SouthKansas
89%
2017MidwestKansas
89%
2010MidwestKansas
89%
2018MidwestKansas
89%
2010EastKentucky
89%
2012SouthKentucky
89%
2015MidwestKentucky
89%
2021SouthBaylor
83%
2017SouthNorth Carolina
82%
2016EastNorth Carolina
82%
2012MidwestNorth Carolina
82%
2019MidwestNorth Carolina
82%
2021EastMichigan
81%
2018EastVillanova
80%
2017EastVillanova
80%
2015EastVillanova
80%
2018SouthVirginia
77%
2014EastVirginia
77%
2019SouthVirginia
77%
2016MidwestVirginia
77%
2012WestMichigan St
73%
2014WestArizona
69%
2014SouthFlorida
66%
2021MidwestIllinois
63%
2015WestWisconsin
62%
2011EastOhio St
58%
2016WestOregon
55%
2012EastSyracuse
51%
2010WestSyracuse
51%
2013MidwestLouisville
50%
2013EastIndiana
49%
2018WestXavier
37%
2014MidwestWichita St
33%
2011MidwestPitt
24%

Score Distribution

Percentile by Number Answered

Percent of People with Each Score

Your Score History

You have not taken this quiz since the last reset